000 00673nam a2200265Ia 4500
005 20260121172128.0
008 008 260114s9999 xx 000 0 eng d
020 _a9783030615277
037 _aEBOOK
040 _aCRL
040 _beng
040 _cCRL
041 _2eng
041 _aeng
084 _qCRL
100 _aAnnalisa Appice, Grigorios Tsoumakas, Yannis Manolopoulos, Stan Matwin
_91084626
245 0 _aDiscovery Science
260 _bSpringer
260 _bSpringer
260 _c2020
856 _uhttps://link.springer.com/openurl?genre=book&isbn=978-3-030-61527-7
942 _cEBOOK
999 _c1650361
_d1650361